| 000 | 01807nam a2200301 i 4500 | ||
|---|---|---|---|
| 001 | 991027408410907026 | ||
| 003 | UkOxU | ||
| 005 | 20251110185001.0 | ||
| 008 | 220812s2025 enk b 001|0 eng d | ||
| 020 | _a9780198903840 | ||
| 035 | _a(UkOxU)023098337 | ||
| 035 | _a(UkOxU)023098337BIB01 | ||
| 040 |
_aUkOxU _beng _erda _cUkOxU |
||
| 041 | _aeng | ||
| 050 |
_aKF1415 _b.ZC2L65 2012 |
||
| 100 |
_aDignam, Alan J. _eauthor _925891 |
||
| 245 | 1 | 0 |
_aCompany law _c/ Alan Dignam, John Lowry. |
| 250 | _aThirteenth edition. | ||
| 260 |
_aOxford : _bOxford University Press, _c2025 |
||
| 300 |
_alvii, 515 pages ; _c25 cm |
||
| 500 | _aPrevious edition: 2022. | ||
| 504 | _aIncludes bibliographical references and index. | ||
| 520 | _aCompany Law gives a clear and authoritative account of the law, including key principles and valuable coverage of corporate governance and theory, as well as current debates surrounding these areas Condenses an extremely complex subject and focuses on core principles helping students to understand the subject without compromising on academic integrity; Includes analysis of corporate theory, offering students a broader contextual understanding of the evolving law; Includes a strong pedagogical structure with: chapter introductions - enabling students to orientate themselves within the various aspects of company law; further reading - providing avenues for further study; and self-test questions - reinforcing learning, supporting revision, and assisting with examination recall; Also available as an e-book with functionality, navigation features, and links that offer extra learning support. | ||
| 650 | 0 |
_aCorporation law _zEngland _926456 |
|
| 650 | 0 |
_aCorporation law _zWales _926457 |
|
| 700 |
_aLowry, John P. _eauthor _925892 |
||
| 942 | _2lcc | ||
| 999 |
_c5162 _d5162 |
||